00771nam a2200205 a 450000100100000000500170001000800410002702000150006804000250008308200210010810000340012924500940016325000110025726000560026830000260032449000530035050000730040370000370047683000520051300002646020200930030233.0110318s1981 mx r 000 0 spa d a9682302579 aDO-SdBNPbspacBNPHU axxxbG747a, 19811 aGramsci, Antonio,d1891-1937.10aAntología /cAntonio Gramsci ; selección, traducción y notas de Manuel Sacristán. a6a ed. aMéxico, D. F. :bSiglo Veintiuno Editores,c1981. axvi, 520 p. ;c21 cm.1 aBiblioteca del pensamiento socialista.ateoría aIncluye referencias bibliográficas y notas al pie de las páginas1 aSacristán Luzón, Manueletr. 0aBiblioteca del pensamiento socialistapteoría